SAGE HANDBOOK OF HOSPITALITY MANAGEMENT (Record no. 13859)
[ view plain ]
| 000 -LEADER | |
|---|---|
| fixed length control field | 00353nam a2200133Ia 4500 |
| 008 - FIXED-LENGTH DATA ELEMENTS--GENERAL INFORMATION | |
| fixed length control field | 240624s9999 xx 000 0 und d |
| 041 ## - LANGUAGE CODE | |
| Language code of text/sound track or separate title | eng |
| 082 ## - DEWEY DECIMAL CLASSIFICATION NUMBER | |
| Classification number | 647.94 BRO |
| 100 ## - MAIN ENTRY--PERSONAL NAME | |
| Personal name | BROTHERTON BOB |
| 245 ## - TITLE STATEMENT | |
| Title | SAGE HANDBOOK OF HOSPITALITY MANAGEMENT |
| 260 ## - PUBLICATION, DISTRIBUTION, ETC. | |
| Date of publication, distribution, etc. | 2008 |
| Place of publication, distribution, etc. | New Delhi |
| Name of publisher, distributor, etc. | Sage Publications |
| 300 ## - PHYSICAL DESCRIPTION | |
| Extent | xv, : 555p. ; 25cm. |
| 365 ## - TRADE PRICE | |
| Currency code | BPS |
| Price amount | 34 |
| Withdrawn status | Lost status | Damaged status | Not for loan | Home library | Current library | Shelving location | Date acquired | Source of acquisition | Cost, normal purchase price | Total Holds | Full call number | Barcode | Date last seen | Copy number | Price effective from | Koha item type |
|---|---|---|---|---|---|---|---|---|---|---|---|---|---|---|---|---|
| IMTN | IMTN | Rack 19-B | 09/25/2009 | IBH | 90.00 | 910 | 647.94 BRO | 13859 | 06/24/2024 | 84.5 | 06/24/2024 | Books |